Kissing ass : (Record no. 66242)

MARC details
000 -LEADER
fixed length control field 00758nam a22002177a 4500
005 - DATE AND TIME OF LATEST TRANSACTION
control field 20120507104412.0
008 - FIXED-LENGTH DATA ELEMENTS--GENERAL INFORMATION
fixed length control field 120507t xxu||||| |||| 00| 0 eng d
010 ## - LCCN (DPL NO)
LC control number ENG-105208
020 ## - INTERNATIONAL STANDARD BOOK NUMBER
International Standard Book Number 9788184002270
Terms of availability 150.00
035 ## - SYSTEM CONTROL NUMBER
System control number EN-88741
037 ## - SOURCE OF ACQUISITION
Source of stock number/acquisition DBAD/PUB
040 ## - CATALOGING SOURCE
Original cataloging agency DPL
Language of cataloging Eng
082 ## - DEWEY DECIMAL CLASSIFICATION NUMBER
Classification number 828
100 ## - MAIN ENTRY--PERSONAL NAME
Personal name D'Souza, Clyde
9 (RLIN) 46516
245 ## - TITLE STATEMENT
Title Kissing ass :
Statement of responsibility, etc by Clyde D'Souza
Remainder of title the art of office politics /
260 ## - PUBLICATION, DISTRIBUTION, ETC. (IMPRINT)
Place of publication, distribution, etc Noida
Name of publisher, distributor, etc Random House Publishers
Date of publication, distribution, etc 2012
270 ## - ADDRESS
Address Windsor IT Park, 7th Floor, Tower-B, A-1, Sector-125
City Noida
Postal code 201301
300 ## - PHYSICAL DESCRIPTION
Extent xxiv,236p.
Dimensions 21cm(pbk)
942 ## - ADDED ENTRY ELEMENTS (KOHA)
Source of classification or shelving scheme Dewey Decimal Classification
Item type English Books
Call number suffix DSO
Classification part 828
Holdings
Withdrawn status Lost status Source of classification or shelving scheme Damaged status Not for loan Collection code Home library Current library Date acquired Source of acquisition Cost, normal purchase price Total Checkouts Full call number Barcode Date last seen Copy number Cost, replacement price Koha item type
    Dewey Decimal Classification   Not For Loan Non-fiction D.B.Act.Division D.B.Act.Division 07/05/2012 DBAD/PUB 150.00   828 DSO EN-88741 07/05/2012 1 150.00 English Books

© Delhi Public Library
Hit Counter
free hit counter